[Event "American Continental"]
[Site "Buenos Aires ARG"]
[Date "2005.08.12"]
[Round "7"]
[White "Rojas,L"]
[Black "Castro,O"]
[Result "1-0"]
[WhiteElo "2437"]
[BlackElo "2385"]
[EventDate "2005.08.06"]

1. e4 d6 2. d4 Nf6 3. Nc3 g6 4. Be3 c6 5. Qd2 Nbd7 6. O-O-O b5 7. e5 b4 8.
exf6 bxc3 9. Qxc3 Nxf6 10. Qxc6+ Bd7 11. Qa6 Bg7 12. Bc4 O-O 13. Ne2 Qc7
14. Bb3 Rfc8 15. Nc3 Ng4 16. Nd5 Qd8 17. Bg5 Bh6 18. Bxh6 Nxh6 19. Nc3 Nf5
20. g4 Ng7 21. f3 Ne8 22. h4 e6 23. Ne4 Qc7 24. h5 Rab8 25. Qe2 a5 26. hxg6
hxg6 27. Qd2 Rxb3 28. axb3 a4 29. bxa4 Bxa4 30. Nc3 1-0

[Event "American Continental"]
[Site "Buenos Aires ARG"]
[Date "2005.08.12"]
[Round "7"]
[White "Dos Santos,R"]
[Black "Gurevich,D"]
[Result "0-1"]
[WhiteElo "2393"]
[BlackElo "2515"]
[EventDate "2005.08.06"]

1. e4 c5 2. c3 d5 3. exd5 Qxd5 4. d4 g6 5. Be3 cxd4 6. Qxd4 Nf6 7. Qxd5
Nxd5 8. Bd4 f6 9. Bc4 Be6 10. Nf3 Nc6 11. Nbd2 Bf7 12. Bc5 O-O-O 13. Nd4
Nxd4 14. cxd4 b6 15. Ba3 Bh6 16. Nf3 Rd7 17. O-O Rc7 18. b3 Rd8 19. Rfe1 e6
20. g3 Kb7 21. Re2 g5 22. h3 Bg7 23. Rae1 Rc6 24. Kg2 a6 25. Re4 h5 26. Bb2
Bf8 27. a4 Nc7 28. R4e2 Bb4 29. Rd1 Bg6 30. Ne1 Nd5 31. Nd3 Bc3 32. Ne1
Bxb2 33. Rxb2 g4 34. h4 Rcd6 35. Nd3 Nc3 36. Rc1 Rxd4 37. Rxc3 Bxd3 38.
Bxd3 Rxd3 39. Rcc2 R8d4 40. b4 Ra3 41. b5 Raxa4 42. Rc6 Rab4 43. Rbc2 axb5
44. Rxe6 Rbc4 45. Rb2 Rc6 46. Re7+ Ka6 47. Rh7 Rc5 48. f3 gxf3+ 49. Kxf3 b4
50. Rg7 Rc3+ 51. Kf2 b3 52. Re7 Kb5 53. Re6 Rc2+ 54. Ke3 Rxb2 55. Kxd4 Rc2
0-1

[Event "American Continental"]
[Site "Buenos Aires ARG"]
[Date "2005.08.12"]
[Round "7"]
[White "Toloza,P"]
[Black "Sorin,A"]
[Result "0-1"]
[WhiteElo "2349"]
[BlackElo "2496"]
[EventDate "2005.08.06"]

1. d4 Nf6 2. c4 g6 3. Nc3 Bg7 4. e4 d6 5. f4 O-O 6. Nf3 c5 7. d5 a6 8. Bd3
b5 9. cxb5 axb5 10. Nxb5 Ba6 11. Nc3 Qb6 12. h3 Nbd7 13. Rb1 e6 14. Bxa6
Rxa6 15. dxe6 fxe6 16. O-O Nh5 17. Ne2 Qc6 18. Ng5 Re8 19. f5 exf5 20. exf5
gxf5 21. Qd3 c4 22. Qxf5 Qc5+ 23. Qxc5 Nxc5 24. Nc3 Nd3 25. Bd2 Ng3 26. Rf3
Ne2+ 27. Kh2 Be5+ 28. Kh1 Ng3+ 29. Kg1 Ra7 30. Nge4 Nxe4 0-1

[Event "American Continental"]
[Site "Buenos Aires ARG"]
[Date "2005.08.12"]
[Round "7"]
[White "Pacheco,Dan"]
[Black "Vera,R"]
[Result "0-1"]
[WhiteElo "2324"]
[BlackElo "2490"]
[EventDate "2005.08.06"]

1. d4 d5 2. c4 c6 3. Nf3 Nf6 4. Nc3 e6 5. Bg5 Nbd7 6. a3 dxc4 7. e4 b5 8.
e5 h6 9. Bh4 g5 10. exf6 gxh4 11. Ne5 Qxf6 12. Nxc6 Bg7 13. g3 Bb7 14. Bg2
h3 15. Bf3 Bxc6 16. Bxc6 Rd8 17. O-O O-O 18. Nxb5 a6 19. Nc3 Qxd4 20. Bxd7
Qxd7 21. Qg4 Qb7 22. Qxh3 Qxb2 23. Ne4 Qd4 24. Rae1 f5 25. Re3 fxe4 26.
Qxe6+ Kh8 27. Rxe4 Qc5 28. Qxc4 Qxa3 29. Re6 Rd6 30. Re7 Qc3 31. Qxc3 Bxc3
32. Kg2 Rd2 33. Re6 Rf6 34. Re7 Bd4 35. Rc1 Rdxf2+ 36. Kh3 Rf7 37. Re4 Bg7
38. Rc8+ Rf8 39. Rc7 R2f7 40. Rc6 Ra8 41. Ra4 a5 42. Kg4 Rb7 43. Rc5 Rb4+
44. Rxb4 axb4 45. Rb5 Bc3 0-1

[Event "American Continental"]
[Site "Buenos Aires ARG"]
[Date "2005.08.12"]
[Round "7"]
[White "Quiroga,F"]
[Black "Alonso,S"]
[Result "0-1"]
[WhiteElo "2321"]
[BlackElo "2457"]
[EventDate "2005.08.06"]

1. d4 d5 2. Nf3 Nf6 3. c4 c6 4. Nc3 dxc4 5. a4 Bf5 6. e3 e6 7. Bxc4 Bb4 8.
Qb3 Qb6 9. O-O O-O 10. Bd2 c5 11. dxc5 Bxc5 12. Rfc1 Nc6 13. Nb5 a6 14. a5
Qd8 15. Be2 Ne4 16. Nc3 Nxd2 17. Nxd2 Qxd2 18. Rd1 Bc2 19. Qxb7 Bxd1 20.
Rxd1 Nxa5 21. Qc7 Qxb2 22. Qxc5 Nb3 0-1

[Event "American Continental"]
[Site "Buenos Aires ARG"]
[Date "2005.08.12"]
[Round "7"]
[White "Bronstein,L"]
[Black "Garcia,Gild"]
[Result "1/2-1/2"]
[WhiteElo "2342"]
[BlackElo "2453"]
[EventDate "2005.08.06"]

1. e4 c5 2. Nf3 Nc6 3. Bb5 d6 4. O-O Bd7 5. c3 a6 6. Ba4 Nf6 7. d4 Nxe4 8.
Re1 Nf6 9. d5 Ne5 10. Nxe5 dxe5 11. Rxe5 Bxa4 12. Qxa4+ b5 13. Qd1 e6 14.
Bg5 Bd6 15. Re1 O-O 16. dxe6 fxe6 17. Nd2 Qc7 18. g3 Nd5 19. Rxe6 Qd7 20.
Re2 Qf5 21. Ne4 Bc7 22. c4 Nb6 23. b3 Rae8 24. Qc2 Rxe4 25. Qxe4 Qxg5 26.
Rd1 Qf6 27. Qb7 Qf3 28. Qxf3 Rxf3 29. Re7 Rf7 30. Re8+ Rf8 31. Re7 Rc8 32.
Re6 bxc4 33. bxc4 Kf7 34. Rc6 Ke7 35. Rxc5 Bd6 36. Rxc8 Nxc8 37. Rb1 Kd7
38. f4 Nb6 39. Rc1 Kc6 40. Kf2 Ba3 41. Rc2 Kc5 42. Ke3 Na4 43. g4 Bb2 44.
g5 Bc3 45. f5 Kxc4 46. f6 gxf6 47. gxf6 Nc5 48. f7 Ne6 49. h4 a5 50. Ke4 a4
51. Kf5 Nd4+ 52. Kg4 Ne6 53. h5 a3 54. Kf5 Nf8 55. h6 Kd3 56. Rxc3+ Kxc3
57. Kf6 Kb2 58. Kg7 Nd7 59. Kxh7 Kxa2 60. Kg8 1/2-1/2

[Event "American Continental"]
[Site "Buenos Aires ARG"]
[Date "2005.08.12"]
[Round "7"]
[White "Luconi,C"]
[Black "Pierrot,F"]
[Result "0-1"]
[WhiteElo "2258"]
[BlackElo "2449"]
[EventDate "2005.08.06"]

1. d4 Nf6 2. Nf3 d5 3. Bf4 c5 4. e3 Nc6 5. c3 Qb6 6. Qb3 c4 7. Qxb6 axb6 8.
Na3 Bf5 9. Nb5 Ra5 10. a4 e6 11. Be2 Kd7 12. O-O Be7 13. Rfc1 Rha8 14. Bd1
Ne8 15. Nd2 Bd3 16. f3 h5 17. h3 h4 18. e4 R5a6 19. Kf2 Na7 20. Nxa7 R6xa7
21. exd5 exd5 22. b4 Nd6 23. Ra2 b5 24. Rca1 b6 25. Nf1 g5 26. Bh2 Nf5 27.
Ne3 Nxe3 28. Kxe3 Bd8 29. Be5 f6 30. Bh2 Bf5 31. f4 Bc7 32. g4 hxg3 33.
Bxg3 Re8+ 34. Kf3 Be4+ 35. Kf2 gxf4 36. Bh4 Ke6 37. Ke1 f3 38. Bf2 Kf5 39.
Kf1 Bf4 40. a5 bxa5 41. bxa5 Rh7 42. h4 Bd3+ 43. Kg1 Rg8+ 44. Kh1 Rg2 0-1

[Event "American Continental"]
[Site "Buenos Aires ARG"]
[Date "2005.08.12"]
[Round "7"]
[White "Lafuente,P"]
[Black "D'Arruda,R"]
[Result "1/2-1/2"]
[WhiteElo "2435"]
[BlackElo "2320"]
[EventDate "2005.08.06"]

1. d4 Nf6 2. c4 d6 3. Nc3 Nbd7 4. Nf3 e5 5. e4 Be7 6. Be2 O-O 7. O-O c6 8.
Re1 Qc7 9. Bf1 a6 10. Bg5 Re8 11. Rc1 b6 12. b4 Bb7 13. a3 h6 14. Be3 Bf8
15. d5 c5 16. Nd2 cxb4 17. axb4 a5 18. Rb1 axb4 19. Rxb4 Nc5 20. Nb3 Nfd7
21. Qb1 Reb8 22. Qb2 Ba6 23. Ra1 Be7 24. Bxc5 bxc5 25. Rba4 Qb7 26. Nb5
Bxb5 27. cxb5 Bd8 28. Ra6 Rxa6 29. bxa6 Qa7 30. Qc2 Bb6 31. Nd2 c4 32. Nxc4
Bd4 33. Ra2 Rc8 34. Qd1 Qc7 35. g3 Nc5 36. Qf3 Ra8 37. Na5 Nxa6 38. Nc6 Qb7
39. Nxd4 exd4 40. Qd3 Nc5 41. Rxa8+ Qxa8 42. Qxd4 Qe8 43. f3 f6 44. Bh3 Qe5
45. Qxe5 fxe5 46. Kf2 g5 47. Ke3 Kf7 48. f4 gxf4+ 49. gxf4 exf4+ 50. Kxf4
Kf6 51. Bf1 1/2-1/2

[Event "American Continental"]
[Site "Buenos Aires ARG"]
[Date "2005.08.12"]
[Round "7"]
[White "Soppe,G"]
[Black "Needleman,G"]
[Result "0-1"]
[WhiteElo "2432"]
[BlackElo "2242"]
[EventDate "2005.08.06"]

1. e4 c5 2. Nc3 Nc6 3. g3 g6 4. Bg2 Bg7 5. d3 d6 6. Be3 h5 7. h3 e5 8. Qd2
Nge7 9. Nge2 Nd4 10. f4 Be6 11. Nd1 d5 12. c3 Nxe2 13. Qxe2 d4 14. Bd2 Qd7
15. cxd4 cxd4 16. Nf2 Rc8 17. Qd1 Qb5 18. b3 h4 19. gxh4 exf4 20. Bxf4 Be5
21. Bg5 f6 22. Bd2 Rxh4 23. Rc1 Nc6 24. Bf1 Bf4 25. Rg1 Ne5 26. Rxc8+ Bxc8
27. Be2 Be3 28. Qc1 Bxd2+ 29. Kxd2 Qa5+ 30. Kd1 Be6 31. Qd2 Qa6 32. Qc2 Rf4
33. Rg2 Qd6 34. Ng4 Bxg4 35. hxg4 Qc6 36. Qd2 g5 37. Qb4 Qb6 38. Qa4+ Nc6
39. Qc4 Qb4 40. Qg8+ Kd7 41. Rh2 Kc7 42. Rh7+ Kb6 43. Qc8 Ka6 44. Rc7 Qb6
45. Ke1 Qb4+ 46. Kd1 Qb5 47. Ke1 Qb6 48. Qd7 Qb4+ 49. Kd1 Qc3 50. Rxb7 Rf2
51. Rxa7+ Nxa7 52. Qa4+ Kb6 0-1

[Event "American Continental"]
[Site "Buenos Aires ARG"]
[Date "2005.08.12"]
[Round "7"]
[White "Alzate,D"]
[Black "Perez Cascella,J"]
[Result "0-1"]
[WhiteElo "2415"]
[BlackElo "2209"]
[EventDate "2005.08.06"]

1. e4 e6 2. d4 d5 3. Nd2 dxe4 4. Nxe4 Nd7 5. Nf3 Ngf6 6. Bd3 Nxe4 7. Bxe4
Be7 8. Qe2 c5 9. Be3 cxd4 10. Bxd4 O-O 11. O-O-O Qa5 12. Kb1 Nc5 13. h4
Nxe4 14. Qxe4 Qf5 15. Qe3 f6 16. h5 e5 17. h6 g5 18. Bc5 Bxc5 19. Qxc5 Qg6
20. Rd6 Qf7 21. Re1 Bf5 22. Rxe5 fxe5 23. Nxg5 Rac8 24. Qxe5 Bxc2+ 25. Ka1
Bf5 26. b3 Qc7 27. Qd5+ Rf7 28. Qxf7+ Qxf7 29. Nxf7 Kxf7 30. Rd2 Rc2 31.
Rxc2 Bxc2 32. Kb2 Be4 33. f3 Bc6 34. Kc3 Kg6 35. Kd4 Kxh6 36. Ke5 Kg6 37.
Ke6 h5 38. Ke5 Kg5 39. f4+ Kg4 40. f5 h4 41. Ke6 Kg3 0-1

[Event "American Continental"]
[Site "Buenos Aires ARG"]
[Date "2005.08.12"]
[Round "7"]
[White "Mayorga,N"]
[Black "Dolezal,C"]
[Result "1/2-1/2"]
[WhiteElo "2188"]
[BlackElo "2402"]
[EventDate "2005.08.06"]

1. e4 Nc6 2. Nf3 f5 3. exf5 d5 4. Nh4 e5 5. Qh5+ g6 6. fxg6 Nf6 7. g7+ Nxh5
8. gxh8=Q Qxh4 9. d3 Be6 10. Nd2 Nd4 11. Nf3 Nxf3+ 12. gxf3 O-O-O 13. Qxe5
Re8 14. Bg5 Qa4 15. b3 Qc6 16. O-O-O Bg7 17. Qe1 Qc5 18. Kb1 Bd7 19. Qd2
Bc3 20. Qc1 Bf5 21. Bd2 Bd4 22. Rg1 Nf4 23. Rg5 Bg6 24. Re1 Rf8 25. a3 a5
26. Ka2 Bxf2 27. Bxf4 Rxf4 28. Qxf4 Qxc2+ 29. Ka1 Qc3+ 30. Ka2 Qc2+ 31. Ka1
Qc3+ 32. Ka2 Qc2+ 1/2-1/2

[Event "American Continental"]
[Site "Buenos Aires ARG"]
[Date "2005.08.12"]
[Round "7"]
[White "Lemos,D"]
[Black "Valerga,D"]
[Result "1/2-1/2"]
[WhiteElo "2284"]
[BlackElo "2499"]
[EventDate "2005.08.06"]

1. d4 Nf6 2. c4 e6 3. Nc3 Bb4 4. Qc2 O-O 5. a3 Bxc3+ 6. Qxc3 Ne4 7. Qc2 f5
8. Nh3 b6 9. f3 Nf6 10. e3 Bb7 11. Be2 c5 12. O-O Nc6 13. dxc5 bxc5 14. Bd2
a5 15. Rad1 Qe7 16. Bc3 d5 17. Kh1 Rad8 18. cxd5 exd5 19. Bb5 Na7 20. Bd3
c4 21. Bxf5 g6 22. Bxg6 hxg6 23. Bxa5 Kg7 24. Nf4 Qf7 25. Bxd8 Rxd8 26. b3
Nb5 27. bxc4 Nxa3 28. Qc3 Nxc4 29. e4 Rc8 30. e5 Ng8 31. e6+ Qf6 32. Qb3
Qxf4 33. Qxb7+ Rc7 34. Qxd5 Ne3 35. Qd6 Qxd6 36. Rxd6 Kf6 37. Re1 Ne7 38.
Kg1 N3f5 39. Rd2 g5 40. Kf2 Rc6 41. Rde2 Nd4 42. Re4 1/2-1/2

[Event "American Continental"]
[Site "Buenos Aires ARG"]
[Date "2005.08.12"]
[Round "7"]
[White "Bitelmajer,M"]
[Black "Leon Hoyos,M"]
[Result "1-0"]
[WhiteElo "2243"]
[BlackElo "2431"]
[EventDate "2005.08.06"]

1. d4 d6 2. Nf3 g6 3. c4 Bg7 4. Nc3 e5 5. e4 exd4 6. Nxd4 Nc6 7. Nxc6 bxc6
8. Be2 Ne7 9. Bg5 Rb8 10. Qd2 Be6 11. O-O c5 12. Rad1 Qd7 13. Bh6 O-O 14.
Bxg7 Kxg7 15. e5 Nf5 16. b3 Rbd8 17. Qf4 Nd4 18. Bd3 Qe7 19. Rfe1 d5 20. h4
h5 21. cxd5 Bxd5 22. Bc4 Bxc4 23. bxc4 c6 24. Qf6+ Qxf6 25. exf6+ Kxf6 26.
Ne4+ Kf5 27. Nxc5 Ne2+ 28. Kh2 Rxd1 29. Rxd1 Rb8 30. Rd7 f6 31. Rd6 Rb4 32.
Nd7 Rxc4 33. Rxf6+ Ke4 34. Re6+ Kd5 35. Rxe2 Rxh4+ 36. Kg3 Ra4 37. Nf6+ Kc5
38. f3 Rd4 39. Ne4+ Kb4 40. Rc2 Kb5 41. Kf4 1-0

[Event "American Continental"]
[Site "Buenos Aires ARG"]
[Date "2005.08.12"]
[Round "7"]
[White "Amura,C"]
[Black "Demaria,J"]
[Result "1-0"]
[WhiteElo "2372"]
[BlackElo "2272"]
[EventDate "2005.08.06"]

1. d4 Nf6 2. c4 e6 3. g3 Bb4+ 4. Bd2 Be7 5. Bg2 c5 6. d5 exd5 7. cxd5 O-O
8. Nc3 d6 9. Nh3 Na6 10. Nf4 Rb8 11. a4 Bd7 12. O-O Re8 13. Re1 Bf8 14. e4
Nc7 15. Nd3 Bg4 16. f3 Bc8 17. f4 a6 18. b4 cxb4 19. Nxb4 Nd7 20. Nd3 f6
21. Be3 b6 22. Rb1 a5 23. Ne2 Qe7 24. Nd4 Qf7 25. Nc6 Rb7 26. Nb2 Na6 27.
Nc4 Nac5 28. Bd4 Qg6 29. Qc2 h5 30. Kh1 h4 31. gxh4 Qh6 32. Qf2 Nxa4 33.
Bh3 Nac5 34. Bxd7 Bxd7 35. Bxc5 dxc5 36. N4xa5 Rc7 37. Rxb6 Bd6 38. e5 Bf8
39. e6 Bc8 40. e7 Bxe7 41. d6 Rd7 42. Nxe7+ Kh7 43. Rb8 Rxd6 44. Rxc8 Rxc8
45. Nxc8 Rd8 46. Ne7 Qh5 47. Nac6 Rd3 1-0

[Event "American Continental"]
[Site "Buenos Aires ARG"]
[Date "2005.08.12"]
[Round "7"]
[White "Saladen,R"]
[Black "Disconzi da Silva,R"]
[Result "0-1"]
[WhiteElo "2229"]
[BlackElo "2367"]
[EventDate "2005.08.06"]

1. d4 f5 2. e4 fxe4 3. Nc3 Nf6 4. Bg5 e6 5. Nxe4 Be7 6. Bxf6 Bxf6 7. Nf3 b6
8. Bd3 Nc6 9. c3 Bb7 10. Qc2 Qe7 11. O-O-O O-O-O 12. Rhe1 g6 13. Nxf6 Qxf6
14. Qd2 Rdf8 15. Re2 Ne7 16. Ne1 Qh4 17. h3 Nd5 18. Be4 Ba6 19. Bd3 Bb7 20.
Be4 Nf4 21. Bxb7+ Kxb7 22. Re4 Qg5 23. h4 Qf5 24. Re5 Qg4 25. g3 Nd5 26.
Rg5 Qe4 27. Re5 Qg4 28. Nd3 Qf3 29. Re2 Rd8 30. Ne5 Qf5 31. c4 Ne7 32. Qg5
Rhe8 33. Rde1 Qf8 34. Qe3 Qf5 35. g4 Qf6 36. g5 Qf5 37. Rg1 Rf8 38. Ng4 Nc6
39. Nf6 Nb4 40. a3 Nd3+ 41. Kd2 Nxb2 42. Qb3 Qa5+ 43. Kc2 Na4 44. Qf3+ c6
45. Qf4 a6 46. Re5 d5 47. Rxe6 Rf7 48. Rge1 Rdd7 49. Qg3 Rc7 50. R1e2 dxc4
51. R6e5 b5 52. d5 cxd5 53. Nxd5 Nc5 54. Nxc7 Qa4+ 55. Kb1 Nd3 56. Nxb5 0-1

[Event "American Continental"]
[Site "Buenos Aires ARG"]
[Date "2005.08.12"]
[Round "7"]
[White "Scarella,E"]
[Black "Di Benedetto,G"]
[Result "1/2-1/2"]
[WhiteElo "2367"]
[BlackElo "2205"]
[EventDate "2005.08.06"]

1. d4 f5 2. g3 g6 3. Bg2 Bg7 4. c4 Nf6 5. Nc3 d6 6. Nh3 O-O 7. d5 c6 8. Nf4
e5 9. dxe6 Na6 10. O-O Nc5 11. Qc2 Nxe6 12. Rd1 Qe7 13. Nxe6 Bxe6 14. b3
Rad8 15. Be3 Ng4 16. Bxa7 f4 17. h3 fxg3 18. fxg3 Nh6 19. Bd4 Bxh3 20. Qe4
Qxe4 21. Bxe4 Rf7 22. Bxg7 Kxg7 23. Rd3 1/2-1/2

[Event "American Continental"]
[Site "Buenos Aires ARG"]
[Date "2005.08.12"]
[Round "7"]
[White "Sosa Harrison,J"]
[Black "Ruiz,Pa"]
[Result "1/2-1/2"]
[WhiteElo "2346"]
[BlackElo "2189"]
[EventDate "2005.08.06"]

1. Nf3 d5 2. d4 Nf6 3. e3 Bg4 4. Nbd2 e6 5. c3 Nbd7 6. Bd3 e5 7. h3 Bxf3 8.
gxf3 c6 9. dxe5 Nxe5 10. Bc2 Bd6 11. b3 Qe7 12. Bb2 O-O-O 13. Qe2 Rhe8 14.
O-O-O Kb8 15. Kb1 c5 16. f4 Nc6 17. Qf3 Qc7 18. Nf1 d4 19. Ng3 Bf8 20. Ne2
dxc3 21. Bxc3 Rxd1+ 22. Rxd1 Rd8 23. Bxf6 Rxd1+ 24. Bxd1 Qd6 25. Nd4 cxd4
26. Be5 Nxe5 27. fxe5 Qg6+ 28. Kb2 Qd3 29. Qd5 Qd2+ 30. Bc2 Qc3+ 31. Kb1
1/2-1/2

[Event "American Continental"]
[Site "Buenos Aires ARG"]
[Date "2005.08.12"]
[Round "7"]
[White "Daneri,M"]
[Black "De Dovitiis,A"]
[Result "0-1"]
[WhiteElo "2220"]
[BlackElo "2345"]
[EventDate "2005.08.06"]

1. d4 Nf6 2. Nf3 g6 3. Bg5 Bg7 4. c3 O-O 5. Nbd2 d5 6. e3 Nbd7 7. Be2 Re8
8. b4 e5 9. Nb3 h6 10. Bxf6 Qxf6 11. O-O e4 12. Nfd2 Qg5 13. c4 Nf6 14. Kh1
h5 15. a4 Bf8 16. c5 Bf5 17. Na5 Rab8 18. b5 Kg7 19. Nb1 Ng4 20. h3 Nh6 21.
Nc3 Be6 22. Nb3 Be7 23. a5 Qh4 24. Kh2 Ng4+ 25. Kg1 Rh8 26. Qe1 Qg5 27. Kh1
f5 28. Nd1 Nf6 29. Qd2 Rbf8 30. Nc3 Qh4 31. f4 Ng4 32. Nd1 Qg3 33. Bxg4
hxg4 34. Qf2 Qxf2 35. Nxf2 g5 36. g3 gxf4 37. gxf4 Bh4 38. Nd1 Bg3 39. Rg1
Rxh3+ 40. Kg2 Bxf4 41. Rh1 Bxe3 42. Rxh3 gxh3+ 43. Kxh3 f4+ 44. Kg2 f3+ 45.
Kg3 Bf4+ 46. Kf2 Rh8 47. b6 cxb6 48. a6 bxa6 49. Rxa6 Rh2+ 50. Kg1 e3 51.
Rxa7+ Kf6 52. Nxe3 f2+ 53. Kf1 Bxe3 0-1

[Event "American Continental"]
[Site "Buenos Aires ARG"]
[Date "2005.08.12"]
[Round "7"]
[White "Moreda,L"]
[Black "Alza,A"]
[Result "1-0"]
[WhiteElo "2329"]
[BlackElo "2167"]
[EventDate "2005.08.06"]

1. e4 c5 2. c3 d5 3. exd5 Qxd5 4. d4 Nf6 5. Nf3 e6 6. Be2 Nc6 7. O-O cxd4
8. cxd4 Be7 9. Nc3 Qd6 10. a3 O-O 11. Be3 b6 12. Qb3 Bb7 13. Rfd1 Na5 14.
Qa2 Nd5 15. Ne4 Qd8 16. Bd3 Nxe3 17. fxe3 Bd5 18. Qb1 Nb3 19. Ra2 Na5 20.
b4 Bxa2 21. Qxa2 Nb7 22. Ne5 Nd6 23. Rf1 Nf5 24. Qe2 Bg5 25. Rf3 Bxe3+ 26.
Rxe3 Qxd4 27. Nf6+ gxf6 28. Bxf5 exf5 29. Nc6 Qd7 30. Ne7+ Kh8 31. Qb2 Qd6
32. Nxf5 Qc6 33. b5 Qe6 34. Rxe6 fxe6 35. Nd4 e5 36. Nf5 Rad8 37. Qc1 Rg8
38. Qc6 Rg6 39. g3 Rd1+ 40. Kf2 Rd2+ 41. Ke3 1-0

[Event "American Continental"]
[Site "Buenos Aires ARG"]
[Date "2005.08.12"]
[Round "7"]
[White "Bibiloni,J"]
[Black "Arambel,S"]
[Result "1/2-1/2"]
[WhiteElo "2178"]
[BlackElo "2295"]
[EventDate "2005.08.06"]

1. e4 c5 2. Nf3 e6 3. d4 cxd4 4. Nxd4 a6 5. c4 Nf6 6. Nc3 Qc7 7. Be2 b6 8.
f4 d6 9. O-O Bb7 10. Bf3 Nbd7 11. Qe2 Rc8 12. b3 Be7 13. Bb2 O-O 14. Rad1
Rfe8 15. e5 Bxf3 16. Nxf3 dxe5 17. Nxe5 Red8 18. Ne4 1/2-1/2

[Event "American Continental"]
[Site "Buenos Aires ARG"]
[Date "2005.08.12"]
[Round "7"]
[White "Real de Azua,E"]
[Black "Giampa,A"]
[Result "1-0"]
[WhiteElo "2386"]
[BlackElo "2243"]
[EventDate "2005.08.06"]

1. e4 c5 2. Nf3 Nc6 3. d4 cxd4 4. Nxd4 g6 5. c4 Bg7 6. Be3 Nf6 7. Nc3 O-O
8. Be2 b6 9. O-O Bb7 10. Ndb5 d6 11. f3 a6 12. Na3 Nd7 13. Qd2 Rc8 14. Rfd1
Re8 15. Rac1 Nb4 16. Na4 Nc6 17. b4 a5 18. b5 Ncb8 19. Nb1 Nc5 20. Nxc5
dxc5 21. Nc3 Qc7 22. Nd5 Bxd5 23. cxd5 Rcd8 24. f4 e5 25. f5 gxf5 26. d6
Qd7 27. exf5 Qxf5 28. Bc4 Rf8 29. Bg5 Bf6 30. Bh6 Bg7 31. Rc3 Kh8 32. Bxg7+
Kxg7 33. Rf1 Qe4 34. Qg5+ Qg6 35. Qxe5+ f6 36. Qe7+ Kh8 37. Rg3 Qh6 38. Rh3
Qg7 39. Bd3 h6 1-0

[Event "American Continental"]
[Site "Buenos Aires ARG"]
[Date "2005.08.12"]
[Round "7"]
[White "Zapata,Marc"]
[Black "Duje,R"]
[Result "1-0"]
[WhiteElo "2353"]
[BlackElo "2146"]
[EventDate "2005.08.06"]

1. e4 c5 2. Nf3 d6 3. d4 cxd4 4. Nxd4 Nf6 5. Nc3 a6 6. Be3 e6 7. f3 Be7 8.
Qd2 Qc7 9. g4 h6 10. O-O-O Nc6 11. h4 Ne5 12. Kb1 Nfd7 13. Bd3 Nb6 14. Qf2
Nbc4 15. Bc1 b5 16. b3 Qa5 17. Bxc4 bxc4 18. Bb2 Bd7 19. g5 h5 20. f4 Ng4
21. Qf3 O-O 22. f5 Rfc8 23. g6 Bf6 24. gxf7+ Kxf7 25. fxe6+ Bxe6 26. Nxe6
Kxe6 27. Nd5 Rh8 28. Qf5+ Kf7 29. Qd7+ Kg8 30. Bxf6 Nxf6 31. Nxf6+ 1-0

[Event "American Continental"]
[Site "Buenos Aires ARG"]
[Date "2005.08.12"]
[Round "7"]
[White "Mareco,S"]
[Black "Fierro Baquero,M"]
[Result "1-0"]
[WhiteElo "2187"]
[BlackElo "2340"]
[EventDate "2005.08.06"]

1. e4 g6 2. d4 Bg7 3. Nc3 c6 4. Nf3 d6 5. h3 Nf6 6. a4 O-O 7. Be3 Nbd7 8.
Be2 e5 9. dxe5 dxe5 10. Nd2 Qe7 11. Nc4 Nc5 12. Qd6 Qxd6 13. Nxd6 Ne6 14.
Bd3 Rd8 15. Nxc8 Rdxc8 16. O-O Bf8 17. a5 Rd8 18. Rfd1 Kg7 19. g3 Bc5 20.
Bd2 Nd4 21. Kg2 Nb3 22. cxb3 Rxd3 23. Bh6+ Kxh6 24. Rxd3 Bd4 25. Ne2 c5 26.
Nxd4 cxd4 27. f3 Rc8 28. Rd2 Ne8 29. Kf1 Nd6 30. Ke2 f5 31. exf5 gxf5 32.
Kd3 Kg6 33. Rdd1 Rc5 34. f4 Kf6 35. fxe5+ Kxe5 36. Re1+ Ne4 37. g4 Kd5 38.
gxf5 Nf2+ 39. Ke2 Rc2+ 40. Kf3 Nxh3 41. f6 Ng5+ 42. Kg4 Rg2+ 43. Kh5 Ne6
44. a6 Nf4+ 45. Kh6 Rg6+ 46. Kxh7 Rxf6 47. Ra5+ Kc6 48. Re7 b6 49. Ra1 d3
50. Rxa7 d2 51. Ra8 Rd6 52. a7 Kb5 53. Rd1 Nd5 54. Rxd2 Nf6+ 55. Kg6 Rxd2
56. Rc8 Nd5 57. a8=Q Ne7+ 58. Kf7 Nxc8 59. Qxc8 Rd4 60. Ke6 1-0

[Event "American Continental"]
[Site "Buenos Aires ARG"]
[Date "2005.08.12"]
[Round "7"]
[White "Ianovsky,M"]
[Black "Duarte,L"]
[Result "1/2-1/2"]
[WhiteElo "2155"]
[BlackElo "2317"]
[EventDate "2005.08.06"]

1. d4 Nf6 2. Nf3 c5 3. e3 e6 4. Bd3 Be7 5. O-O O-O 6. b3 b6 7. Bb2 Bb7 8.
Nbd2 d6 9. Qe2 Nc6 10. a3 Qd7 11. Rfd1 Rfd8 12. c4 Rac8 13. Rac1 Qe8 14.
Bb1 Nb8 15. e4 cxd4 16. Nxd4 g6 17. N2f3 a6 18. e5 dxe5 19. Nxe5 Nbd7 20.
Ndf3 Nxe5 21. Nxe5 Rxd1+ 22. Rxd1 Rd8 23. Bc2 1/2-1/2

[Event "American Continental"]
[Site "Buenos Aires ARG"]
[Date "2005.08.12"]
[Round "7"]
[White "Parrilli,F"]
[Black "Tovillas,D"]
[Result "1-0"]
[WhiteElo "2140"]
[BlackElo "2310"]
[EventDate "2005.08.06"]

1. e4 c5 2. Nf3 Nc6 3. Bb5 d6 4. d4 cxd4 5. Qxd4 Bd7 6. Bxc6 Bxc6 7. Nc3 e6
8. Bg5 Nf6 9. O-O-O Be7 10. Rhe1 O-O 11. Kb1 Qa5 12. Qd2 Kh8 13. Nd4 Rac8
14. f3 Rfd8 15. g4 a6 16. h4 Be8 17. Be3 b5 18. h5 b4 19. Nce2 Nd7 20. h6
g6 21. Nb3 Qb5 22. Ned4 Qc4 23. Na5 Qc7 24. Nac6 Ne5 25. Nxd8 Nc4 26. Qd3
Nxe3 27. N8xe6 fxe6 28. Rxe3 e5 29. Ne6 Qd7 30. Ng7 Bf7 31. f4 Qxg4 32.
fxe5 Bc4 33. Qd4 Bg5 34. Nf5 Bxe3 35. Nxe3 Qe6 1-0

[Event "American Continental"]
[Site "Buenos Aires ARG"]
[Date "2005.08.12"]
[Round "7"]
[White "Chemin,J"]
[Black "Tristan,L"]
[Result "0-1"]
[WhiteElo "2296"]
[BlackElo "2225"]
[EventDate "2005.08.06"]

1. d4 g6 2. e4 Bg7 3. Nc3 d6 4. g3 Nf6 5. Bg2 O-O 6. Nge2 Na6 7. O-O c5 8.
h3 Rb8 9. a4 Bd7 10. Be3 cxd4 11. Nxd4 Nc5 12. Qd2 Re8 13. b4 Ne6 14. Nxe6
Bxe6 15. Bxa7 Rc8 16. Bd4 Rc4 17. Nb5 Qc8 18. Kh2 Rxc2 19. Qe3 Qd7 20. Rfc1
Rec8 21. Rxc2 Rxc2 22. Rc1 Rxc1 23. Qxc1 Bb3 24. Qa3 Bc4 25. Nc3 Ng4+ 26.
hxg4 Bxd4 27. f3 e6 28. b5 Qc7 29. a5 Qc5 30. Qxc5 dxc5 31. Na4 Bxb5 32.
Nb6 c4 0-1

[Event "American Continental"]
[Site "Buenos Aires ARG"]
[Date "2005.08.12"]
[Round "7"]
[White "Mazziotti Irigoyen,G"]
[Black "Goldwaser,C"]
[Result "1-0"]
[WhiteElo "2293"]
[BlackElo "2180"]
[EventDate "2005.08.06"]

1. c4 g6 2. d4 Bg7 3. e4 d6 4. Ne2 Nf6 5. f3 O-O 6. Be3 Nc6 7. Qd2 a6 8.
Na3 Rb8 9. Nc3 e5 10. Nc2 exd4 11. Nxd4 Nxd4 12. Bxd4 c5 13. Be3 b5 14.
cxb5 axb5 15. Bxb5 Nxe4 16. fxe4 Bxc3 17. Qxc3 Qh4+ 18. g3 Qxe4 19. O-O-O
Rxb5 20. Bh6 f6 21. Rhe1 Qa4 22. Bxf8 Qxa2 23. Re4 Bf5 24. Qc4+ Qxc4+ 25.
Rxc4 Kxf8 26. Rxd6 Ke7 27. Rc6 Ra5 28. R6xc5 Ra1+ 29. Kd2 Kd6 30. Rc1 Ra2
31. Rb5 h5 32. Ke3 Be6 33. Rb6+ Kd5 34. Rd1+ 1-0

[Event "American Continental"]
[Site "Buenos Aires ARG"]
[Date "2005.08.12"]
[Round "7"]
[White "Lucena,L"]
[Black "Needleman,A"]
[Result "0-1"]
[WhiteElo "2184"]
[BlackElo "2394"]
[EventDate "2005.08.06"]

1. e4 c5 2. Nf3 e6 3. d3 Nc6 4. g3 d6 5. Bg2 Nf6 6. O-O Be7 7. Nbd2 O-O 8.
c3 Rb8 9. a4 a6 10. Qe2 b5 11. axb5 axb5 12. d4 d5 13. Ne5 Nxe5 14. dxe5
Nxe4 15. Nxe4 dxe4 16. Rd1 Qc7 17. Qxe4 Rd8 18. Rxd8+ Qxd8 19. Be3 Bb7 20.
Qxb7 Rxb7 21. Bxb7 Qc7 22. Ra8+ Bd8 23. Rc8 Qd7 24. Bxc5 h5 25. Rb8 Kh7 26.
Be4+ g6 27. Bd6 h4 28. Rb7 Qe8 29. Bd3 Qc6 30. Rxf7+ Kh6 31. Bf8+ Kg5 32.
Rg7 hxg3 33. hxg3 Qf3 34. Bxg6 Qxf8 0-1